Statistics for NBA 2k20 MyTeam Quiz for Tydebo

Click here to take the quiz!

General Stats

  • This quiz has been taken 302 times
  • The average score is 11 of 15

Answer Stats

QuestionAnswer% Correct
ShowtimeGOAT Kareem Abdul-Jabbar
95%
Lights OutPD Klay Thompson
94%
Which set had a collection reward of Ruby Tacko Fall?Flash 1
92%
The next 4 questions you will have to match the set with the collection rewards. First is Multidimensional.Diamond J.R. Smith
92%
NBA is BackGOAT Vince Carter
92%
What Packs were released with GOAT Yao Ming?Fan Favorites 3
89%
How many Bronze Jimmer Fredette cards exist in the game?1
87%
True or False: There are at least 1 PD Giannis that is eligible for every position?True
81%
How many GOAT cards are in the game22
65%
Next topic is the 250k Tourney. Who won the tournament?Jomar
64%
Last Question: Did you have fun and how much MT do you get from buying the Legend Edition of 2k20Yes, 50k
57%
When was the explosive behind the back patched?January 22
41%
When did NBA 2k20 release?September 6
40%
How many HOF badges does Ruby Yuta Watanabe have?75
40%
New topic is just cards. How many Giannis Antetokounmpo cards do we have in MyTeam?14
32%

Score Distribution

Percentile by Number Answered

Percent of People with Each Score

Your Score History

You have not taken this quiz